000 00534nam a2200181 i 4500
001 35161
003 ES-MaACL
005 20230906155052.0
007 t|
008 030212s1925 fr ||||1| fre d
100 1 _aBordier, H.
_930408
245 1 0 _aDiathermine et Diathermothérapie /
_cpar H. Bordier ; preface Bergonié.
250 _a2eme ed., rev et corr.
260 _aParís :
_bJ.B. Baillière,
_c1925]
300 _aVIII, 582 p. :
_bil. ;
_c21 cm.
700 1 _aBergonie, Jean Alban.
_928008
852 _aES-MaACL
_jB-11758
999 _c35161
_d35161